| Tag |
First Indicator |
Second Indicator |
Subfields |
| LEADER |
00000cam a2200000Ka 4500 |
| 001 |
in00002562621 |
| 005 |
20151201114849.0 |
| 008 |
091212s2010 caub 001 0 eng d |
| 020 |
|
|
|a 9781589482524 (paper)
|
| 020 |
|
|
|a 1589482522 (paper)
|
| 029 |
0 |
|
|a BWX
|b R7818572
|
| 029 |
1 |
|
|a CDX
|b 10732862
|
| 035 |
|
|
|a (OCoLC)ocn486915503
|
| 035 |
|
|
|a (OCoLC)486915503
|
| 040 |
|
|
|a BWX
|c BWX
|d YDXCP
|d OCLCQ
|d TXM
|d NTE
|d CDX
|d UtOrBLW
|
| 049 |
|
|
|a TXAM
|
| 050 |
|
4 |
|a HC79.C3
|b G57 2010
|
| 082 |
0 |
|
|a 330.9
|
| 082 |
0 |
4 |
|a 711.80285
|a 910.285
|2 22
|
| 245 |
0 |
0 |
|a GIS for building and managing infrastructure.
|
| 264 |
|
1 |
|a Redlands, Calif. :
|b ESRI,
|c [2010]
|
| 264 |
|
4 |
|c ©2010
|
| 300 |
|
|
|a v, 65 pages :
|b color maps ;
|c 28 cm.
|
| 336 |
|
|
|a text
|b txt
|2 rdacontent
|
| 337 |
|
|
|a unmediated
|b n
|2 rdamedia
|
| 338 |
|
|
|a volume
|b nc
|2 rdacarrier
|
| 500 |
|
|
|a Includes index.
|
| 500 |
|
|
|a Cover title.
|
| 650 |
|
0 |
|a Infrastructure (Economics)
|x Management.
|
| 650 |
|
0 |
|a Geographic information systems
|x Government policy.
|
| 650 |
|
0 |
|a Geographic information systems.
|
| 710 |
2 |
|
|a Environmental Systems Research Institute (Redlands, Calif.)
|
| 938 |
|
|
|a Blackwell Book Service
|b BBUS
|n R7818572
|c $24.95
|
| 938 |
|
|
|a YBP Library Services
|b YANK
|n 3149380
|
| 938 |
|
|
|a Coutts Information Services
|b COUT
|n 10732862
|
| 945 |
|
|
|a PromptCat
|b 945709
|
| 946 |
|
|
|a stk
|
| 947 |
|
|
|a A14840264269
|
| 994 |
|
|
|a 92
|b TXA
|
| 948 |
|
|
|a cataloged
|b h
|d 2010/4/9
|h c
|e asalazar
|f 11:37:29 am
|
| 999 |
|
|
|a MARS
|
| 999 |
f |
f |
|s c9e31b01-b36d-383d-b614-df4e20ee06e2
|i b7ea453f-38a9-35ce-b490-a647587ab1d0
|t 0
|
| 952 |
f |
f |
|p ric
|a Texas A&M University
|b Rellis Campus
|c Joint Library Facility
|d Remote Storage
|t 0
|e HC79.C3 G57 2010
|h Library of Congress classification
|i unmediated -- volume
|m A14840264269
|
| 998 |
f |
f |
|a HC79.C3 G57 2010
|t 0
|l Remote Storage
|